Nét độc đáo của Lễ hội chùa Ông
Shranjeno v:
| Glavni avtor: | |
|---|---|
| Format: | Knjiga |
| Jezik: | Undetermined |
| Teme: | |
| Online dostop: | http://lrc.tdmu.edu.vn/opac/search/detail.asp?aID=2&ID=22927 |
| Oznake: |
Označite
Brez oznak, prvi označite!
|
| Thư viện lưu trữ: | Trung tâm Học liệu Trường Đại học Thủ Dầu Một |
|---|
| LEADER | 00587nam a2200145Ia 4500 | ||
|---|---|---|---|
| 001 | TDMU_22927 | ||
| 008 | 210410s9999 xx 000 0 und d | ||
| 082 | |a 394.26 | ||
| 100 | |a Hoàng Thành | ||
| 245 | 0 | |a Nét độc đáo của Lễ hội chùa Ông | |
| 245 | 0 | |c Hoàng Thành | |
| 300 | |a 2tr | ||
| 650 | |a Lễ hội chùa Ông; Thất phủ Cổ miếu; Xã Hiệp Hòa (Biên Hòa); Văn hóa & Du lịch | ||
| 856 | |u http://lrc.tdmu.edu.vn/opac/search/detail.asp?aID=2&ID=22927 | ||
| 980 | |a Trung tâm Học liệu Trường Đại học Thủ Dầu Một | ||